Culture Générale - Série 2685 - Statistiques

Statistiques générales
  • Ce quiz a été pris 79 fois
  • Le résultat moyen est 5 sur 10
Statistiques - réponses
Question Réponse % Correct
Célèbre chef gaulois de la tribu des Arvernes Vercingétorix
93%
En géométrie, comment appelle-t-on un triangle ayant au moins deux côtés de même longueur ? isocèle
87%
Edulcorant artificiel découvert en 1965 , faible en calories dont le pouvoir sucrant est environ 200 fois supérieur à celui du sucre aspartame
58%
À quel oiseau, Charles Baudelaire dédie-t-il un poème publié en 1859 ? albatros
52%
Courant océanique chaud qui se trouve à l'est de la Floride et qui remonte vers les hautes latitudes de l'Europe en traversant tout l'océan Atlantique Gulf Stream
52%
Quel était le surnom de la danseuse de cancan la plus célèbre du Moulin Rouge, Louise Weber ? : " La ..... Goulue
41%
Mot désuet signifiant "usurier" "avare" :c'est un "fesse-.... mathieu
39%
Pupitre sur lequel on met les livres de chant, à l'église. lutrin
19%
Dans quel massif montagneux français trouve-t-on le pic du Cap Roux, pic de l’Ours, cap Dramont, Rastel d’Agay ? Estérel
17%
Qui comptait les gros billets et les valeurs dans la chanson de Joe Dassin "La bande à Bonnot" ? Octave
1%
Aucun quiz correspondant
Distribution des résultats
% des personnes avec chaque résultat
Percentile par nombre de réponses
Votre historique - résultats
Vous n’avez pas pris ce quiz